000 00265nam a22001217a 4500
008 180419b xxu||||| |||| 00| 0 eng d
041 _aeng
080 _a043.3
100 _a0
101 _aARK-BTH
245 _aVile Luksoze, B+P+1K
_cVogliqi, Q
942 _2udc
_cBK
999 _c45300
_d45300